Najlepsze Państwa w Piłkę nożną. - Statystyki

Ogólne statystyki
  • Ten quiz został rozwiązany 879 razy
  • Średni wynik to 16 z 20
Statystyki odpowiedzi
Kolejność Państwo % Poprawnych
4. Francja
97%
1. Argentyna
96%
3. Brazylia
96%
17. Polska
96%
6. Hiszpania
94%
9. Niemcy
93%
7. Portugalia
92%
8. Włochy
87%
10. Anglia
86%
2. Belgia
85%
12. Holandia
83%
18. Rosja
75%
19. USA
73%
15. Chorwacja
72%
5. Meksyk
70%
14. Urugwaj
68%
13. Dania
65%
16. Szwajcaria
60%
11. Kolumbia
57%
20. Chile
53%
Nie znaleziono quizów pasujących do podanych kryteriów
Rozkład punktacji
Procent ludzi z każdym wynikiem
Percentyl według liczby udzielonych odpowiedzi
Twoja historia wyników
Nie rozwiązałeś tego quizu